000 00801nam a2200241 i 4500
003 DO-SdBNP
005 20250127134110.0
007 ta
008 230703b2009 dr ||||| |||| 00| 0 spa d
040 _aDO-SdBNP
_bspa
_cBNPHU
_erda
082 4 _222
_bT866
100 1 _aTrujillo Domínguez, María de los Angeles de,
_eautor
_983660
_4aut.
245 1 0 _aTrujillo, mi padre :
_ben mis memorias, Angelita /
_cMaría de los Angeles Trujillo de Domínguez
264 4 _aSanto Domingo :
_bEditora Unicaribe,
_c2009.
300 _axiii, 453 páginas ;
_c25 cm.
336 _atexto
_btxt
_2rdacontent
337 _asin mediación
_bn
_2rdamedia
338 _avolumen
_bnc
_2rdacarrier
504 _aBibliografía : páginas 451-453
590 _aInventariado, 2023/BT
910 _aBtavárez
942 _2ddc
_cLBS1
999 _c54043
_d54043